Informačné technológie a ich úloha v riadení podnikových znalostí

Gespeichert in:
Bibliographische Detailangaben
1. Verfasser: Mesároš, Peter
Format: Buchkapitel
Sprache:Slowakisch
Tags: Tag hinzufügen
Keine Tags, Fügen Sie das erste Tag hinzu!

MARC

LEADER 00000naa$a2200000$$$4500
001 0064660
005 20240502071747.0
041 0 |a slo 
044 |a SK 
245 1 0 |a Informačné technológie a ich úloha v riadení podnikových znalostí  |c Peter Mesároš 
100 1 |a Mesároš, Peter